[Event "Kiev Chess School 3rd"]
[Site "Kiev"]
[Date "2017.10.28"]
[Round "10"]
[White "Aridov, Vladimir"]
[Black "Razin, Vadim"]
[Result "1/2-1/2"]
[WhiteElo "2316"]
[BlackElo "2388"]
[PlyCount "43"]
[EventDate "2017.10.24"]
[EventType "tourn"]
[EventRounds "11"]
[EventCountry "UKR"]
[EventCategory "1"]
[SourceTitle "EXT 2019"]
[Source "ChessBase"]
[SourceDate "2018.10.10"]
[SourceVersion "1"]
[SourceVersionDate "2018.10.10"]
[SourceQuality "1"]

1. e4 e6 2. d4 d5 3. e5 c5 4. c3 Nc6 5. Nf3 Qb6 6. a3 Bd7 7. b4 cxd4 8. cxd4 Rc8 9. Be3 Nge7 10. Bd3 Nf5 11. Bxf5 exf5 12. 0-0 Be7 13. Qd3 a5 14. b5 Na7 15. a4 0-0 16. Nbd2 Be6 17. Rac1 Rxc1 18. Rxc1 Rc8 19. Rxc8+ Nxc8 20. Nb3 Qc7 21. Bd2 b6 22. h4 1/2-1/2

[Event "Kiev Chess School 3rd"]
[Site "Kiev"]
[Date "2017.10.25"]
[Round "4"]
[White "Aridov, Vladimir"]
[Black "Evchin, Maxim"]
[Result "1/2-1/2"]
[WhiteElo "2316"]
[BlackElo "2270"]
[PlyCount "102"]
[EventDate "2017.10.24"]
[EventType "tourn"]
[EventRounds "11"]
[EventCountry "UKR"]
[EventCategory "1"]
[SourceTitle "EXT 2019"]
[Source "ChessBase"]
[SourceDate "2018.10.10"]
[SourceVersion "1"]
[SourceVersionDate "2018.10.10"]
[SourceQuality "1"]

1. e4 e5 2. Nf3 Nc6 3. Bb5 a6 4. Ba4 Nf6 5. 0-0 Nxe4 6. d4 b5 7. Bb3 d5 8. dxe5 Be6 9. c3 Bc5 10. Qd3 0-0 11. Nbd2 f5 12. Bc2 Qd7 13. Nb3 Be7 14. Nbd4 Nxd4 15. Nxd4 c5 16. Nxe6 Qxe6 17. f3 c4 18. Qe2 Bc5+ 19. Be3 f4 20. Bxc5 Nxc5 21. Rad1 Rad8 22. Qf2 Qc6 23. Rd2 Ne6 24. Rfd1 g6 25. h4 Rf7 26. h5 Kg7 27. hxg6 hxg6 28. Qe2 Rfd7 29. Qf2 Qc5 30. Qxc5 Nxc5 31. g3 fxg3 32. Kg2 Ne6 33. Kxg3 d4 34. cxd4 Rxd4 35. Rxd4 Rxd4 36. Rxd4 Nxd4 37. Be4 c3 38. bxc3 Ne2+ 39. Kg4 Nxc3 40. Bb7 Nxa2 41. Bxa6 b4 42. Kg5 Nc1 43. Bb7 b3 44. Be4 Ne2 45. Bxg6 b2 46. Bd3 Kf7 47. Kf5 Ng3+ 48. Kf4 Ne2+ 49. Ke3 Nc3 50. Bf5 b1Q 51. Bxb1 Nxb1 1/2-1/2

[Event "Kiev Chess School 3rd"]
[Site "Kiev"]
[Date "2017.10.24"]
[Round "1"]
[White "Aridov, Vladimir"]
[Black "Mikhaletz, Lubomir"]
[Result "1/2-1/2"]
[WhiteElo "2316"]
[BlackElo "2417"]
[PlyCount "50"]
[EventDate "2017.10.24"]
[EventType "tourn"]
[EventRounds "11"]
[EventCountry "UKR"]
[EventCategory "1"]
[SourceTitle "EXT 2019"]
[Source "ChessBase"]
[SourceDate "2018.10.10"]
[SourceVersion "1"]
[SourceVersionDate "2018.10.10"]
[SourceQuality "1"]

1. e4 c5 2. Nf3 d6 3. d4 cxd4 4. Nxd4 Nf6 5. Nc3 a6 6. f4 e5 7. Nf3 Qc7 8. a4 Be7 9. Bd3 Nc6 10. 0-0 0-0 11. Kh1 Nb4 12. Qe2 b6 13. Be3 Bb7 14. Bg1 Rac8 15. Rad1 Rfd8 16. Qf2 Nxd3 17. cxd3 Nd7 18. d4 exf4 19. Nh4 Bg5 20. Nf5 Nf6 21. d5 Ng4 22. Qxb6 Rd7 23. h4 Bf6 24. Rxf4 h5 25. Qxc7 Rcxc7 1/2-1/2

[Event "POL-UKR U26"]
[Site "Lublin"]
[Date "2012.11.23"]
[Round "4.1"]
[White "Olszewski, Michal"]
[Black "Aridov, Vladimir"]
[Result "1-0"]
[WhiteElo "2540"]
[BlackElo "2311"]
[PlyCount "39"]
[EventDate "2012.11.21"]
[EventType "team-tourn"]
[EventRounds "5"]
[EventCountry "POL"]
[SourceTitle "CBM 151 Extra"]
[Source "ChessBase"]
[SourceDate "2012.12.18"]
[SourceVersion "1"]
[SourceVersionDate "2012.12.18"]
[SourceQuality "1"]
[WhiteTeam "Warsaw Univ"]
[BlackTeam "Donetsk National Univ"]
[WhiteTeamCountry "POL"]
[BlackTeamCountry "UKR"]

1. Nf3 d6 2. d4 f5 3. g3 Nf6 4. Bg2 g6 5. 0-0 Bg7 6. b3 0-0 7. Bb2 c6 8. c4 Qc7 9. Nbd2 Re8 10. Qc2 e5 11. dxe5 dxe5 12. e4 f4 13. c5 fxg3 14. hxg3 Ng4 15. Nc4 Qe7 16. Nd6 Rf8 17. Nxc8 Rxc8 18. Bh3 h5 19. Nh4 Bf6 20. f3 1-0

[Event "POL-UKR U26"]
[Site "Lublin"]
[Date "2012.11.21"]
[Round "1.1"]
[White "Aridov, Vladimir"]
[Black "Piesik, Piotr"]
[Result "1-0"]
[WhiteElo "2311"]
[BlackElo "2193"]
[PlyCount "63"]
[EventDate "2012.11.21"]
[EventType "team-tourn"]
[EventRounds "5"]
[EventCountry "POL"]
[SourceTitle "CBM 151 Extra"]
[Source "ChessBase"]
[SourceDate "2012.12.18"]
[SourceVersion "1"]
[SourceVersionDate "2012.12.18"]
[SourceQuality "1"]
[WhiteTeam "Donetsk National Univ"]
[BlackTeam "Katowice Economic Univ"]
[WhiteTeamCountry "UKR"]
[BlackTeamCountry "POL"]

1. e4 e6 2. d4 d5 3. e5 c5 4. c3 Qb6 5. Nf3 Nc6 6. a3 c4 7. Nbd2 f6 8. exf6 Nxf6 9. g3 Bd6 10. Bg2 0-0 11. 0-0 Bd7 12. Qe2 Rae8 13. Ne5 Re7 14. Nxd7 Nxd7 15. Nf3 h6 16. Be3 Qc7 17. Nh4 Rf6 18. f4 Nb6 19. Rae1 Ref7 20. Bc1 Nd8 21. Qg4 Kh7 22. Bf3 Nc8 23. Bd1 Ne7 24. Bc2+ g6 25. Qh3 Kg7 26. Nf3 Rf8 27. Ne5 Ng8 28. Ng4 R6f7 29. f5 g5 30. Bxg5 exf5 31. Nxh6 Nxh6 32. Bxh6+ 1-0

[Event "Donetsk Masters 1st"]
[Site "Donetsk"]
[Date "2011.03.04"]
[Round "10"]
[White "Gavrish, Leonid"]
[Black "Aridov, Vladimir"]
[Result "1/2-1/2"]
[WhiteElo "2094"]
[BlackElo "2291"]
[PlyCount "86"]
[EventDate "2011.02.25"]
[EventType "tourn (rapid)"]
[EventRounds "13"]
[EventCountry "UKR"]
[EventCategory "1"]
[SourceTitle "CBM 141 Extra"]
[Source "ChessBase"]
[SourceDate "2011.05.03"]
[SourceVersion "1"]
[SourceVersionDate "2011.05.03"]
[SourceQuality "1"]

1. d4 d6 2. e4 Nf6 3. Nc3 g6 4. f4 Bg7 5. Nf3 0-0 6. e5 Nfd7 7. h4 c5 8. h5 cxd4 9. hxg6 hxg6 10. Qxd4 Nc6 11. Qf2 Re8 12. Qh4 Nf8 13. Bc4 Bf5 14. g4 Bxc2 15. Rh2 d5 16. Bb5 Be4 17. Ng5 Qb6 18. Bxc6 Qg1+ 19. Ke2 bxc6 20. Ngxe4 dxe4 21. Nxe4 Rad8 22. Nf2 Ne6 23. Rh1 Qg2 24. Be3 Nd4+ 25. Bxd4 Rxd4 26. Ke3 Qd5 27. Rad1 c5 28. b3 f6 29. Qh7+ Kf7 30. Rh6 Rxd1 31. Nxd1 Qd4+ 32. Ke2 Qe4+ 33. Ne3 fxe5 34. f5 Rh8 35. Qxg6+ Kf8 36. Rxh8+ Bxh8 37. g5 Qb1 38. Qh6+ Bg7 39. Qe6 e4 40. Qc8+ Kf7 41. Qe6+ Kf8 42. Qc8+ Kf7 43. Qe6+ Kf8 1/2-1/2

[Event "Donetsk Masters 1st"]
[Site "Donetsk"]
[Date "2011.02.28"]
[Round "6"]
[White "Budnikov, Oleg"]
[Black "Aridov, Vladimir"]
[Result "1/2-1/2"]
[WhiteElo "2442"]
[BlackElo "2291"]
[PlyCount "136"]
[EventDate "2011.02.25"]
[EventType "tourn (rapid)"]
[EventRounds "13"]
[EventCountry "UKR"]
[EventCategory "1"]
[SourceTitle "CBM 141 Extra"]
[Source "ChessBase"]
[SourceDate "2011.05.03"]
[SourceVersion "1"]
[SourceVersionDate "2011.05.03"]
[SourceQuality "1"]

1. e4 c5 2. Nf3 g6 3. Nc3 Bg7 4. d4 cxd4 5. Nxd4 Nc6 6. Be3 Nf6 7. Be2 0-0 8. Nb3 d6 9. f4 Be6 10. g4 Na5 11. g5 Nd7 12. h4 Rc8 13. Bd4 Bxb3 14. axb3 e5 15. fxe5 Nc6 16. Be3 Bxe5 17. Qd2 Nc5 18. Bf3 Bg3+ 19. Ke2 Be5 20. Nd5 Bxb2 21. Raf1 Bg7 22. h5 Re8 23. Rh4 Ne6 24. c3 Ne5 25. Bg2 Qa5 26. Kf2 Qb5 27. Qa2 gxh5 28. Bh3 Qd3 29. Rg1 Rxc3 30. Nxc3 Qxc3 31. Rd1 Ng6 32. Bxe6 Nxh4 33. Bd5 Nf5 34. Qd2 Nxe3 35. Qxe3 Qb2+ 36. Rd2 Qc1 37. Kg2 Be5 38. Bxf7+ Kf8 39. Bxe8 Kxe8 40. Re2 Qxe3 41. Rxe3 Bf4 42. Rd3 Bxg5 43. Rxd6 Ke7 44. e5 Bf4 45. Kf3 Bxe5 46. Rh6 Kd7 47. Ke4 Bg3 48. Rxh5 Kc6 49. Rxh7 a5 50. Rg7 Bf2 51. Kd3 b5 52. Rg4 Bc5 53. Rg5 a4 54. bxa4 bxa4 55. Kc4 Be7 56. Re5 Bd6 57. Ra5 a3 58. Ra6+ Kc7 59. Kd5 Kb7 60. Ra4 Be7 61. Ke6 Bf8 62. Kd5 Be7 63. Rf4 Kb6 64. Rf1 Kb5 65. Rb1+ Ka5 66. Kc4 Bf6 67. Rb5+ Ka6 68. Rb8 Bb2 1/2-1/2

[Event "Donetsk Masters 1st"]
[Site "Donetsk"]
[Date "2011.02.26"]
[Round "3"]
[White "Matjushin, Oleg"]
[Black "Aridov, Vladimir"]
[Result "1/2-1/2"]
[WhiteElo "2140"]
[BlackElo "2291"]
[PlyCount "65"]
[EventDate "2011.02.25"]
[EventType "tourn (rapid)"]
[EventRounds "13"]
[EventCountry "UKR"]
[EventCategory "1"]
[SourceTitle "CBM 141 Extra"]
[Source "ChessBase"]
[SourceDate "2011.05.03"]
[SourceVersion "1"]
[SourceVersionDate "2011.05.03"]
[SourceQuality "1"]

1. d4 Nf6 2. c4 g6 3. Nc3 Bg7 4. e4 d6 5. Nf3 0-0 6. Be2 c6 7. 0-0 a6 8. a3 b5 9. h3 bxc4 10. Bxc4 d5 11. Bd3 dxe4 12. Nxe4 Nd5 13. Re1 Qb6 14. Qc2 Nd7 15. Nc3 e6 16. Na4 Qc7 17. Bd2 a5 18. Rac1 Ba6 19. Be4 N7f6 20. Ne5 Rfc8 21. Nc5 Nxe4 22. Qxe4 Bb5 23. a4 Ba6 24. Rc2 Rd8 25. Rec1 Bc8 26. Ncd3 Ne7 27. Bf4 Qb6 28. Nc5 Rd5 29. Be3 Qd8 30. Ncd3 Bb7 31. Nc5 Bc8 32. Ncd3 Bb7 33. Nc5 1/2-1/2

[Event "Kiev Independence Cup-A 7th"]
[Site "Kiev"]
[Date "2007.08.23"]
[Round "11"]
[White "Aridov, Vladimir"]
[Black "Varchenko, Grigory"]
[Result "1/2-1/2"]
[WhiteElo "2157"]
[BlackElo "2223"]
[PlyCount "53"]
[EventDate "2007.08.13"]
[EventType "swiss"]
[EventRounds "11"]
[EventCountry "UKR"]
[SourceTitle "CBM 119 Extra"]
[Source "ChessBase"]
[SourceDate "2007.09.04"]
[SourceVersion "1"]
[SourceVersionDate "2007.09.04"]
[SourceQuality "1"]

1. e4 c5 2. Nf3 a6 3. c4 d6 4. d4 Bg4 5. dxc5 Bxf3 6. gxf3 dxc5 7. Qxd8+ Kxd8 8. Nc3 e6 9. Be3 Kc7 10. 0-0-0 Nd7 11. Rg1 g6 12. Bf4+ Kc6 13. Be2 Bh6 14. Bxh6 Nxh6 15. f4 Kc7 16. Rg3 Rad8 17. h4 Ng8 18. h5 Ne7 19. Rh1 Nc6 20. Rgh3 Rhf8 21. hxg6 hxg6 22. Rh7 Nf6 23. Rg7 Rd4 24. f5 gxf5 25. exf5 Kd6 26. fxe6 Kxe6 27. Rg5 1/2-1/2

[Event "Kiev Independence Cup-A 7th"]
[Site "Kiev"]
[Date "2007.08.14"]
[Round "2"]
[White "Vdovichenko, Vladislav"]
[Black "Aridov, Vladimir"]
[Result "1/2-1/2"]
[WhiteElo "2198"]
[BlackElo "2157"]
[PlyCount "85"]
[EventDate "2007.08.13"]
[EventType "swiss"]
[EventRounds "11"]
[EventCountry "UKR"]
[SourceTitle "CBM 119 Extra"]
[Source "ChessBase"]
[SourceDate "2007.09.04"]
[SourceVersion "1"]
[SourceVersionDate "2007.09.04"]
[SourceQuality "1"]

1. e4 c5 2. Nc3 g6 3. g3 Bg7 4. Bg2 Nc6 5. d3 e6 6. Be3 Nd4 7. Nce2 Ne7 8. c3 Nxe2 9. Nxe2 Qc7 10. Qd2 0-0 11. Bh6 d5 12. h4 dxe4 13. Bxe4 f5 14. Bg2 Nd5 15. h5 Bxh6 16. Qxh6 Qg7 17. hxg6 hxg6 18. Bxd5 Qxh6 19. Rxh6 Kg7 20. Bxb7 Bxb7 21. Rh4 e5 22. 0-0-0 g5 23. Ra4 a5 24. Kc2 Rfc8 25. c4 Bc6 26. Ra3 Rh8 27. Nc3 Kf6 28. Rb3 Rhb8 29. Re1 Rb4 30. Nd5+ Bxd5 31. cxd5 Rd8 32. Rh1 e4 33. Rh6+ Ke5 34. Ra6 Rxd5 35. dxe4 Rxe4 36. Re3 Rxe3 37. fxe3 Ke4 38. Rxa5 Kxe3 39. b4 Rd2+ 40. Kc1 cxb4 41. Rxf5 Rxa2 42. Rxg5 Kd3 43. Rc5 1/2-1/2

[Event "Kiev Independence Cup-A 5th"]
[Site "Kiev"]
[Date "2005.08.22"]
[Round "11"]
[White "Aridov, Vladimir"]
[Black "Borsuk, Konstantin"]
[Result "0-1"]
[WhiteElo "2164"]
[BlackElo "2215"]
[PlyCount "62"]
[EventDate "2005.08.12"]
[EventType "swiss"]
[EventRounds "11"]
[EventCountry "UKR"]
[SourceTitle "CBM 107 Extra"]
[Source "ChessBase"]
[SourceDate "2005.09.01"]
[SourceVersion "1"]
[SourceVersionDate "2005.09.01"]
[SourceQuality "1"]

1. e4 e6 2. d4 d5 3. e5 c5 4. c3 Nc6 5. Nf3 Qb6 6. a3 Bd7 7. b4 cxd4 8. cxd4 Rc8 9. Be2 Nge7 10. 0-0 Nf5 11. Be3 Be7 12. Qd2 f6 13. exf6 Bxf6 14. Rd1 0-0 15. g4 Nxe3 16. Qxe3 e5 17. dxe5 Qxe3 18. fxe3 Nxe5 19. Nxe5 Bxe5 20. Ra2 Ba4 21. Re1 d4 22. Nd2 dxe3 23. Nf3 Bb3 24. Nxe5 Bxa2 25. Bd3 Bd5 26. h3 Rce8 27. Rxe3 Re7 28. Nc4 Rxe3 29. Nxe3 Rf3 30. Bxh7+ Kxh7 31. Nxd5 Rxh3 0-1

[Event "Kiev Independence Cup-A 5th"]
[Site "Kiev"]
[Date "2005.08.20"]
[Round "9"]
[White "Aridov, Vladimir"]
[Black "Katsman, Mikhail"]
[Result "1/2-1/2"]
[WhiteElo "2164"]
[BlackElo "2262"]
[PlyCount "55"]
[EventDate "2005.08.12"]
[EventType "swiss"]
[EventRounds "11"]
[EventCountry "UKR"]
[SourceTitle "CBM 107 Extra"]
[Source "ChessBase"]
[SourceDate "2005.09.01"]
[SourceVersion "1"]
[SourceVersionDate "2005.09.01"]
[SourceQuality "1"]

1. e4 e5 2. Nf3 Nc6 3. Nc3 Nf6 4. g3 Bc5 5. Bg2 d6 6. h3 a6 7. 0-0 h6 8. d3 Be6 9. Be3 Bxe3 10. fxe3 Qd7 11. Kh2 d5 12. exd5 Nxd5 13. Nxd5 Bxd5 14. Nd2 Bxg2 15. Kxg2 0-0-0 16. Qf3 Rhf8 17. Nb3 f5 18. Nc5 Qd6 19. d4 g5 20. c3 e4 21. Qe2 Ne5 22. Nxb7 Kxb7 23. dxe5 Qxe5 24. Rad1 Rxd1 25. Qxd1 Rf6 26. Qd4 Qxd4 27. cxd4 Kb6 28. Rc1 1/2-1/2

[Event "Kiev Independence Cup-A 5th"]
[Site "Kiev"]
[Date "2005.08.18"]
[Round "7"]
[White "Aridov, Vladimir"]
[Black "Moiseev, Igor"]
[Result "1/2-1/2"]
[WhiteElo "2164"]
[BlackElo "2280"]
[PlyCount "91"]
[EventDate "2005.08.12"]
[EventType "swiss"]
[EventRounds "11"]
[EventCountry "UKR"]
[SourceTitle "CBM 107 Extra"]
[Source "ChessBase"]
[SourceDate "2005.09.01"]
[SourceVersion "1"]
[SourceVersionDate "2005.09.01"]
[SourceQuality "1"]

1. e4 c5 2. Nf3 a6 3. d4 cxd4 4. Nxd4 Nf6 5. Bd3 e5 6. Ne2 Bc5 7. 0-0 d6 8. a3 0-0 9. b4 Ba7 10. c4 Be6 11. Nbc3 Nbd7 12. Nd5 Rc8 13. Bb2 Kh8 14. h3 Nh5 15. Kh2 Qh4 16. Qe1 Nf4 17. Nexf4 exf4 18. f3 Qg5 19. Rc1 Bxd5 20. cxd5 Be3 21. Rc2 Rxc2 22. Bxc2 Rc8 23. Qe2 Ne5 24. Bd3 h5 25. a4 Kh7 26. a5 Kh6 27. Ra1 Qg3+ 28. Kh1 Nxd3 29. Qxd3 Qf2 30. Bc3 f6 31. Rd1 Kg5 32. Kh2 g6 33. Kh1 Qa2 34. Re1 Qf2 35. Rd1 h4 36. Kh2 Rc7 37. Ra1 Kh6 38. Kh1 Kg7 39. Kh2 Rc8 40. Kh1 g5 41. e5 dxe5 42. Qf5 Rxc3 43. Qd7+ Kh6 44. Qf7 Qc2 45. Qf8+ Kh7 46. Qf7+ 1/2-1/2

[Event "Kiev Independence Cup-A 5th"]
[Site "Kiev"]
[Date "2005.08.16"]
[Round "5"]
[White "Aridov, Vladimir"]
[Black "Leshchenko, Vasilij"]
[Result "1/2-1/2"]
[WhiteElo "2164"]
[BlackElo "2159"]
[PlyCount "117"]
[EventDate "2005.08.12"]
[EventType "swiss"]
[EventRounds "11"]
[EventCountry "UKR"]
[SourceTitle "CBM 107 Extra"]
[Source "ChessBase"]
[SourceDate "2005.09.01"]
[SourceVersion "1"]
[SourceVersionDate "2005.09.01"]
[SourceQuality "1"]

1. e4 c5 2. Nf3 Nc6 3. d4 cxd4 4. Nxd4 Nf6 5. Nc3 d6 6. Bc4 a6 7. 0-0 e6 8. Be3 Be7 9. f4 0-0 10. Bb3 Qc7 11. f5 Nxd4 12. Qxd4 Ng4 13. fxe6 Bxe6 14. Bf4 Bxb3 15. axb3 Bf6 16. Qd2 Qc5+ 17. Kh1 Rad8 18. Nd5 Bd4 19. c3 Be5 20. Qe2 Bxf4 21. Qxg4 Be5 22. Rf3 Kh8 23. Raf1 Qb5 24. Nc7 Qd7 25. Qxd7 Rxd7 26. Nd5 Kg8 27. g3 Re8 28. Kg2 Re6 29. Kf2 g6 30. Ke2 Kg7 31. Kd3 b5 32. Ra1 Ra7 33. Nb4 a5 34. Nc6 Ra6 35. Nxa5 b4 36. Ra4 bxc3 37. bxc3 Re7 38. Nc4 Rc6 39. Ra5 Bf6 40. Rd5 Rec7 41. Kc2 Be7 42. Rfd3 Ra7 43. Na5 Rca6 44. b4 Bd8 45. Rxd6 Bxa5 46. Rxa6 Rxa6 47. bxa5 Rxa5 48. Rd2 Kf6 49. Kb3 Ke5 50. Re2 Ra8 51. Kc4 Rc8+ 52. Kd3 Rd8+ 53. Ke3 Rc8 54. Kd3 Rd8+ 55. Kc2 Rc8 56. Re3 Ra8 57. Kb3 Rb8+ 58. Kc2 Ra8 59. Kb3 1/2-1/2

[Event "Kiev Independence Cup-A 5th"]
[Site "Kiev"]
[Date "2005.08.12"]
[Round "10"]
[White "Panchenko, Alexandar G"]
[Black "Aridov, Vladimir"]
[Result "0-1"]
[WhiteElo "2412"]
[BlackElo "2164"]
[PlyCount "54"]
[EventDate "2005.08.12"]
[EventType "swiss"]
[EventRounds "11"]
[EventCountry "UKR"]
[SourceTitle "CBM 107 Extra"]
[Source "ChessBase"]
[SourceDate "2005.09.01"]
[SourceVersion "1"]
[SourceVersionDate "2005.09.01"]
[SourceQuality "1"]

1. d4 d6 2. e4 Nf6 3. f3 e5 4. dxe5 dxe5 5. Qxd8+ Kxd8 6. Bc4 Be6 7. Bxe6 fxe6 8. Be3 Nc6 9. c3 a5 10. Nh3 Bd6 11. Nd2 Ke7 12. Nc4 b5 13. Nxd6 cxd6 14. 0-0-0 a4 15. Nf2 Rhc8 16. Kb1 Na5 17. Nd3 a3 18. b4 Nc4 19. Bc1 Rc7 20. Rhe1 Nb6 21. Bd2 Na4 22. Rc1 Rac8 23. Kc2 Nd7 24. Kb3 Ndb6 25. Bg5+ Kd7 26. Bd2 Nc4 27. Bg5 Ncb2 0-1

[Event "Evpatoria U18 4th"]
[Site "Evpatoria"]
[Date "2005.05.06"]
[Round "7.1"]
[White "Grekh, Andrey"]
[Black "Aridov, Vladimir"]
[Result "1-0"]
[WhiteElo "2244"]
[BlackElo "2202"]
[PlyCount "125"]
[EventDate "2005.05.03"]
[EventType "swiss"]
[EventRounds "7"]
[EventCountry "UKR"]
[SourceTitle "CBM 106 Extra"]
[Source "ChessBase"]
[SourceDate "2005.07.01"]
[SourceVersion "1"]
[SourceVersionDate "2005.07.01"]
[SourceQuality "1"]

1. e4 c5 2. c3 g6 3. d4 cxd4 4. cxd4 Bg7 5. Nf3 d5 6. exd5 Nf6 7. Bb5+ Nbd7 8. Nc3 0-0 9. Bxd7 Bxd7 10. Qb3 Qa5 11. 0-0 b5 12. a3 Bf5 13. Ne5 Qb6 14. Be3 Qb7 15. Rfe1 Be4 16. Nxe4 Nxe4 17. Rac1 Rac8 18. a4 a6 19. axb5 axb5 20. Nc6 e6 21. Nb4 exd5 22. Nxd5 Rcd8 23. Nc3 Bxd4 24. Bxd4 Rxd4 25. Nxe4 Rxe4 26. Rxe4 Qxe4 27. Qxb5 h5 28. h3 Rd8 29. Qc5 Qf4 30. Re1 Rb8 31. Qc3 Qa4 32. Qf6 Qb4 33. Rd1 Qb3 34. Rd7 Rc8 35. Kh2 Rb8 36. h4 Rf8 37. g3 Rb8 38. Rd8+ Rxd8 39. Qxd8+ Kh7 40. Qd4 Kg8 41. Qc3 Qb6 42. Kg1 Qd8 43. b4 g5 44. hxg5 Qxg5 45. Qc4 Qg6 46. Kg2 Qg5 47. Kh2 Qf6 48. Qf4 Qb6 49. Qg5+ Kh8 50. Qxh5+ Kg7 51. Qc5 Qh6+ 52. Kg2 Qg6 53. Qd4+ Kh7 54. b5 Qe6 55. b6 Qc6+ 56. Kh2 Kg8 57. Qb2 Qb7 58. Kg1 Kf8 59. Qb4+ Kg8 60. Qc5 Qf3 61. Qc8+ Kg7 62. b7 Qd1+ 63. Kh2 1-0

[Event "UKR-ch U16"]
[Site "Donetsk"]
[Date "2005.02.27"]
[Round "11"]
[White "Kharchenko, Boris"]
[Black "Aridov, Vladimir"]
[Result "1/2-1/2"]
[WhiteElo "2278"]
[BlackElo "2202"]
[PlyCount "77"]
[EventDate "2005.02.16"]
[EventType "tourn"]
[EventRounds "11"]
[EventCountry "UKR"]
[SourceTitle "EXT 2006"]
[Source "ChessBase"]
[SourceDate "2005.11.24"]
[SourceVersion "1"]
[SourceVersionDate "2005.11.24"]
[SourceQuality "1"]

1. e4 d6 2. d4 Nf6 3. Nc3 g6 4. g3 Bg7 5. Bg2 0-0 6. Nge2 c6 7. 0-0 e5 8. a4 Qc7 9. h3 Be6 10. b3 Na6 11. Be3 Rad8 12. Qc1 exd4 13. Bxd4 d5 14. exd5 Bxd5 15. Nxd5 Nxd5 16. Bxg7 Kxg7 17. Qb2+ Kg8 18. Rad1 Ne7 19. Rde1 Rfe8 20. Nc3 Nc5 21. b4 Nd7 22. Ne4 Nf5 23. Rd1 Re6 24. Qc3 Rde8 25. Ng5 R6e7 26. Rfe1 Rxe1+ 27. Rxe1 Rxe1+ 28. Qxe1 Qe5 29. Qxe5 Nxe5 30. Ne4 Nc4 31. Bf1 Nfd6 32. Nc5 b6 33. Nd7 Nb2 34. Ne5 c5 35. bxc5 bxc5 36. a5 c4 37. a6 f6 38. Nc6 Nb5 39. Bg2 1/2-1/2